Stage Names II Quiz Stats

 Plays Quiz Updated Feb 21, 2019

Score 0/24 Timer 07:00
0 Plays Today
Real Name Stage Name % Correct
Jennifer AnastassakisJennifer Aniston
77.8%
Destiny Hope CyrusMiley Cyrus
77%
Carlos Ray NorrisChuck Norris
55.8%
Timothy Alan DickTim Allen
45.7%
Audrey Kathleen RustonAudrey Hepburn
37.6%
Natalie HershlagNatalie Portman
29.6%
Marion Robert MorrisonJohn Wayne
27.3%
Jonathan Stuart LeibowitzJon Stewart
26.9%
Lee Jun-fanBruce Lee
26.5%
Anthony IadanzaTony Danza
21.9%
Frances Ethel GummJudy Garland
18.4%
Christie Lee HudsonChristie Brinkley
14.6%
Real Name Stage Name % Correct
Sofia ScicoloneSophia Loren
13.1%
Demetria Gene GuynesDemi Moore
12.9%
Issur Danielovitch DemskyKirk Douglas
8.6%
Tara Leigh PatrickCarmen Electra
8%
Ashley Tyler CiminellaAshley Judd
7.7%
Lucille Fay LeSueurJoan Crawford
5.3%
Nathan BirnbaumGeorge Burns
4.5%
Benjamin KubelskyJack Benny
3.7%
Jacob CohenRodney Dangerfield
2.6%
John Charles CarterCharlton Heston
2.5%
Patsy Ann McClennyMorgan Fairchild
1.9%
Louis UpchurchLou Diamond Phillips
1.5%

You're not logged in!

Compare scores with friends on all Sporcle quizzes.
OR
Log In

Sporcle TV

Today on Sporcle TV


Watch our educational content, quiz creation guides, and fun videos on Sporcle TV.

Show Comments

Extras

Top Quizzes Today


Score Distribution

Your Account Isn't Verified!

In order to create a playlist on Sporcle, you need to verify the email address you used during registration. Go to your Sporcle Settings to finish the process.

Report this User

Report this user for behavior that violates our Community Guidelines.

Details: